Vplyv inflácie na ekonomický rast
Súčasná zložitá situácia v súvislosti s prekonávaním hospodárskej krízy a "záchrana" vybraných krajín eurozóny vytvára tlak na predstaviteľov jednotlivých vlád k pristúpeniu k zásadným zmenám v riadení ekonomík. Vývoj inflácie v podmienkach SR – EMÚ. Ceny komodít na svetových trhoch. Ceny ropy. Vývo...
Salvato in:
| Autore principale: | |
|---|---|
| Natura: | Capitolo di libro |
| Lingua: | slovacco |
| Soggetti: | |
| Tags: |
Nessun Tag, puoi essere il primo ad aggiungerne!!
|
MARC
| LEADER | 00000nla$a2200000$$$4500 | ||
|---|---|---|---|
| 001 | 0147264 | ||
| 005 | 20240502072648.1 | ||
| 041 | 0 | |a slo | |
| 044 | |a SK | ||
| 245 | 1 | 0 | |a Vplyv inflácie na ekonomický rast |c Miroslava Havettová |
| 520 | |a Súčasná zložitá situácia v súvislosti s prekonávaním hospodárskej krízy a "záchrana" vybraných krajín eurozóny vytvára tlak na predstaviteľov jednotlivých vlád k pristúpeniu k zásadným zmenám v riadení ekonomík. Vývoj inflácie v podmienkach SR – EMÚ. Ceny komodít na svetových trhoch. Ceny ropy. Vývoj celkovej inflácie a cien potravín v SR. Vývoj HICP v službách. | ||
| 610 | 2 | 0 | |a rast hospodársky |
| 610 | 2 | 0 | |a inflácia |
| 610 | 2 | 0 | |a kríza hospodárska |
| 610 | 2 | 0 | |a Európska únia |
| 100 | 1 | |a Havettová, Miroslava | |